000 00766nam a2200205Ia 4500
003 GCL
008 140319s9999 xx 000 0 ara d
040 _aGCL /
_cGCL
082 0 4 _a005.13
_bط ك
100 1 _aظافر محمود
245 1 0 _aالكتاب الاسود فى الربط البيئى للحاسوب والتخاطب مع مكوناته /
_cظافر محمود
700 1 _aعلاء حسن
250 _aالاولى
260 _aسوريا :
_bشعاع للنشر والعلوم ،
_c2003
300 _a1162 ص ؛
_c28 سم
650 0 4 _aالحاسبات الالكترونية - برامج
650 0 4 _aالحاسبات الالكترونية - لغات
650 0 4 _aالحاسبات الالكترونية - برمجة
942 _2ddc
_cBK
999 _c7408
_d7408